| 000 | 00722nmm a2200277 a 4500 | ||
|---|---|---|---|
| 003 | AR-BaBNM | ||
| 005 | 20251128205420.0 | ||
| 008 | 107119s1993 ||||||||||||||000 | spa|| | ||
| 040 | _cAR-BaBNM | ||
| 100 | 1 | _aRivarola, José María | |
| 245 | 1 | 0 | _aReflexión sobre la violencia |
| 250 | _a2ª ed. corr. | ||
| 260 |
_aAsunción _bUnesco _bArandurá _c1993 |
||
| 300 | 0 |
_a276 p. _bgráfs. |
|
| 500 | 0 | _aLas notas se encuentran en la p. 263-272 | |
| 650 | 4 | _aGUERRA | |
| 650 | 4 | _aPAZ | |
| 650 | 4 | _aTERRORISMO | |
| 650 | 4 | _aDEMOGRAFIA HISTORICA | |
| 650 | 4 | _aDESARME | |
| 650 | 4 | _aARMAMENTO | |
| 650 | 4 | _aRELACIONES INTERNACIONALES | |
| 650 | 4 | _aTRATADOS INTERNACIONALES | |
| 942 | _cBK | ||
| 998 | _cmariana | ||
| 999 |
_c11356 _d11356 |
||